Statistics for Fashion Capitals of the World

Click here to take the quiz!

General Stats

  • This quiz has been taken 444 times
  • The average score is 7 of 8

Answer Stats

Type Answer % Correct
CAPITALParis
98%
CAPITALNew York
97%
CAPITALLondon
95%
CAPITALMilan
94%
COUNTRYFrance
87%
COUNTRYUnited States
87%
COUNTRYItaly
86%
COUNTRYUnited Kingdom
85%

Score Distribution

Percentile by Number Answered

Percent of People with Each Score

Your Score History

You have not taken this quiz